000 00444nam a22001817a 4500
003 CEME
005 20210628203507.0
008 210121b xxu||||| |||| 00| 0 eng d
020 _a0-471-00793-5
040 _c.
082 _a338.7610 ANG
100 _aAngel , Karen
_965802
245 _aInside yahoo
260 _aUSA
_bJOHN WILEY & SONS
_c2002
300 _aIX,276P
650 _aINSIDE YAHOO.YAHOO BUSINESS.
_965803
942 _cBK
_2ddc
999 _c573910
_d573910